[Event "San Francisco TNM Summer op"]
[Site "San Francisco"]
[Date "2012.07.10"]
[Round "8"]
[White "Jacokes, Brian"]
[Black "Sherwood, Peter"]
[Result "0-1"]
[WhiteElo "1576"]
[BlackElo "1782"]
[PlyCount "48"]
[EventDate "2012.05.22"]
[EventType "swiss"]
[EventRounds "8"]
[EventCountry "USA"]
[SourceTitle "EXT 2014"]
[Source "ChessBase"]
[SourceDate "2013.11.20"]
[SourceVersion "1"]
[SourceVersionDate "2013.11.20"]
[SourceQuality "1"]

1. e4 c5 2. Nf3 d6 3. d4 cxd4 4. Nxd4 Nf6 5. Nc3 a6 6. Be3 e5 7. Nb3 Be6 8. f3 Be7 9. Nd5 Nxd5 10. exd5 Bf5 11. Bd3 Bg6 12. Qd2 Nd7 13. 0-0-0 Nf6 14. Bxg6 hxg6 15. Qb4 Qc7 16. Bb6 Qd7 17. a4 Rc8 18. g4 Rh3 19. g5 Qf5 20. Qd2 Nxd5 21. Nd4 exd4 22. Bxd4 Nb4 23. Bc3 Bxg5 24. Rhe1+ Kd7 0-1

[Event "San Francisco TNM Summer op"]
[Site "San Francisco"]
[Date "2012.07.03"]
[Round "7"]
[White "Jacokes, Brian"]
[Black "Royzen, Igor"]
[Result "0-1"]
[WhiteElo "1576"]
[BlackElo "1851"]
[PlyCount "58"]
[EventDate "2012.05.22"]
[EventType "swiss"]
[EventRounds "8"]
[EventCountry "USA"]
[SourceTitle "EXT 2014"]
[Source "ChessBase"]
[SourceDate "2013.11.20"]
[SourceVersion "1"]
[SourceVersionDate "2013.11.20"]
[SourceQuality "1"]

1. Nf3 d5 2. g3 Nf6 3. Bg2 Bf5 4. d3 e6 5. 0-0 h6 6. Nbd2 Be7 7. Re1 0-0 8. b3 c5 9. Bb2 Nc6 10. e4 Bh7 11. e5 Nd7 12. a3 b5 13. Qe2 Nb6 14. Nf1 c4 15. N3d2 Rc8 16. bxc4 bxc4 17. dxc4 Nxc4 18. Nxc4 dxc4 19. Rad1 Qb6 20. Bc1 Bc5 21. c3 Rfd8 22. Rxd8+ Rxd8 23. Qf3 Na5 24. Ne3 Qb3 25. Ng4 h5 26. Nh6+ gxh6 27. Bxh6 Be7 28. Qxh5 Qxc3 29. Qg4+ Bg6 0-1

[Event "San Francisco TNM Summer op"]
[Site "San Francisco"]
[Date "2012.06.19"]
[Round "5"]
[White "Matsuda, Leo"]
[Black "Jacokes, Brian"]
[Result "0-1"]
[WhiteElo "1814"]
[BlackElo "1576"]
[PlyCount "66"]
[EventDate "2012.05.22"]
[EventType "swiss"]
[EventRounds "8"]
[EventCountry "USA"]
[SourceTitle "EXT 2014"]
[Source "ChessBase"]
[SourceDate "2013.11.20"]
[SourceVersion "1"]
[SourceVersionDate "2013.11.20"]
[SourceQuality "1"]

1. e4 c5 2. Nf3 d6 3. d4 cxd4 4. Nxd4 Nf6 5. Nc3 a6 6. Bg5 e6 7. Bc4 Be7 8. Qd2 Qc7 9. Bd3 b5 10. 0-0 Bb7 11. Bxb5+ axb5 12. Ndxb5 Qd7 13. Bxf6 gxf6 14. Rad1 Ra6 15. Qh6 f5 16. Qg7 Rf8 17. exf5 d5 18. fxe6 Rxe6 19. Qxh7 Rg6 20. Nd4 Bf6 21. Rfe1+ Kd8 22. f3 Rh8 23. Qxg6 fxg6 24. Ne6+ Kc8 25. Nf4 Qh7 26. Ncxd5 Qxh2+ 27. Kf2 Bh4+ 28. Ke2 Re8+ 29. Kd2 Bxe1+ 30. Rxe1 Rxe1 31. Nb6+ Kc7 32. Nbd5+ Bxd5 33. Nxd5+ Kd6 0-1

[Event "San Francisco TNM Summer op"]
[Site "San Francisco"]
[Date "2012.05.22"]
[Round "1"]
[White "Jacokes, Brian"]
[Black "Krasnov, Steven Lender"]
[Result "1/2-1/2"]
[WhiteElo "1576"]
[BlackElo "1994"]
[PlyCount "131"]
[EventDate "2012.05.22"]
[EventType "swiss"]
[EventRounds "8"]
[EventCountry "USA"]
[SourceTitle "EXT 2014"]
[Source "ChessBase"]
[SourceDate "2013.11.20"]
[SourceVersion "1"]
[SourceVersionDate "2013.11.20"]
[SourceQuality "1"]

1. e4 c5 2. Nf3 e6 3. d4 cxd4 4. Nxd4 Nc6 5. Be3 Nf6 6. Nd2 a6 7. Bc4 Qc7 8. Bb3 b5 9. 0-0 h5 10. Nxc6 dxc6 11. f3 Bd6 12. f4 Ng4 13. Qf3 0-0 14. e5 Nxe3 15. Qxe3 Be7 16. Qh3 g6 17. Ne4 c5 18. c3 Bb7 19. Rae1 Rad8 20. Qg3 Bxe4 21. Rxe4 Rd2 22. f5 Qc6 23. Ref4 exf5 24. Rxf5 c4 25. Bd1 h4 26. Qg4 Rxb2 27. Bf3 Qe6 28. Rxf7 Qxg4 29. Rxf8+ Bxf8 30. Bxg4 Bc5+ 31. Kh1 Rxa2 32. g3 hxg3 33. hxg3 Bf2 34. Bc8 Bxg3 35. e6 Bd6 36. Rf6 Kg7 37. Rf7+ Kh6 38. e7 Re2 39. Bxa6 Bxe7 40. Bxb5 Re4 41. Bxc4 Rxc4 42. Rxe7 Rxc3 43. Kg2 Kg5 44. Rb7 Kh5 45. Rb5+ g5 46. Ra5 Kh4 47. Ra8 Rc2+ 48. Kg1 g4 49. Ra7 Kh3 50. Ra3+ g3 51. Ra1 Re2 52. Rb1 Rg2+ 53. Kh1 Rf2 54. Kg1 Rf4 55. Ra1 Re4 56. Rb1 Re3 57. Ra1 Kg4 58. Kg2 Re2+ 59. Kg1 Kf3 60. Rf1+ Kg4 61. Ra1 Kh3 62. Rb1 Re3 63. Kh1 g2+ 64. Kg1 Kg3 65. Ra1 Kf3 66. Rb1 1/2-1/2